<?xml version="1.0" encoding="UTF-8"?>
<marc:record xmlns:marc="http://www.loc.gov/MARC21/slim">
   <marc:leader>00000nam a2200000 a 4500</marc:leader>
   <marc:datafield ind1="1" ind2=" " tag="100">
      <marc:subfield code="a">Wagenhofer, Erwin [Regie und Buch]</marc:subfield>
      <marc:subfield code="4">aut</marc:subfield>
      <marc:subfield code="e">Verfasser/-in</marc:subfield>
   </marc:datafield>
   <marc:datafield ind1="1" ind2=" " tag="100">
      <marc:subfield code="a">Möhring, Wotan Wilke</marc:subfield>
   </marc:datafield>
   <marc:datafield ind1="1" ind2=" " tag="100">
      <marc:subfield code="a">Chapman, Theo Caleb</marc:subfield>
   </marc:datafield>
   <marc:datafield ind1="1" ind2=" " tag="100">
      <marc:subfield code="a">Ashitey, Clare-Hope</marc:subfield>
   </marc:datafield>
   <marc:datafield ind1="1" ind2=" " tag="100">
      <marc:subfield code="a">Karl, Fritz</marc:subfield>
   </marc:datafield>
   <marc:datafield ind1="0" ind2="0" tag="245">
      <marc:subfield code="a">Black Brown White</marc:subfield>
   </marc:datafield>
   <marc:datafield ind1="0" ind2="0" tag="245">
      <marc:subfield code="c">Erwin Wagenhofer</marc:subfield>
   </marc:datafield>
   <marc:datafield ind1=" " ind2="1" tag="264">
      <marc:subfield code="a">Wien</marc:subfield>
      <marc:subfield code="b">Filmladen</marc:subfield>
      <marc:subfield code="c">2012</marc:subfield>
   </marc:datafield>
   <marc:datafield ind1="1" ind2=" " tag="520">
      <marc:subfield code="a">Weil das Gehalt eines Fernfahrers nicht für große Sprünge reicht, hat Pedro (Fritz Karl) einen lukrativen Nebenjob. In einem speziellen Hohlraum seines LKW-Anhängers schmuggelt er Flüchtlinge nach Europa. Doch bei seiner aktuellen Fuhre gibt es Probleme: Eine der Frauen weigert sich, in den Hohlraum zu klettern. Stattdessen nimmt sie mit ihrem Sohn in der Fahrerkabine Platz. Widerwillig lässt Pedro sie gewähren, doch während der langen Fahrt lernt er seine Mitreisende immer besser kennen. Ihre Geschichte setzt etwas in ihm in Bewegung und allmählich ändern sich Pedros Prioritäten. - Dokumentationsfilmer Erwin Wagenhofer gibt mit "Black Brown White" sein Spielfilmdebüt und einem Erstlingswerk kann man auch den ein oder anderen Patzer in der Logik und Stringenz der Geschichte durchgehen lassen. Fritz Karls Darstellung des egoistischen, abgebrühten LKW-Fahrers zum mitfühlenden Flüchtlingshelfer macht das mehr als wett. Roadmovie mit politischen Untertönen. (Sprachen; D, E, F, GB; Untertitel: D; Making-of; Interviews; Kurzfilm; Trailer)</marc:subfield>
   </marc:datafield>
   <marc:datafield ind1="0" ind2=" " tag="490">
      <marc:subfield code="v">0</marc:subfield>
   </marc:datafield>
   <marc:datafield ind1=" " ind2=" " tag="300">
      <marc:subfield code="a">1 DVD</marc:subfield>
   </marc:datafield>
</marc:record>
